00294nam a22001337a 4500008004100000020001800041041000800059080001000067100000700077101000800084245003900092942001200131999001700143181029b xxu||||| |||| 00| 0 eng d a2740185740251 aeng a159.9 a19 apsi aMulticultural PsychologycScott.J 2udccBK c50978d50978